01476nam a2200241 i 4500001000300000100003600003245016400039246011700203260004600320300004800366490024800414500017000662504002600832650002800858650002900886650003000915830010800945040000801053041001301061080002101074008004101095856009801136bg1 aTRACZEWSKA, Teodora Małgorzata10aBiotoksyczność produktów mikrobiologicznych przemian antracenu i fenantrenu w wodzie oraz możliwość ich usuwania /cTeodora Małgorzata Traczewska.11aBiotoxicity of products of anthracene and phenanthrene transformation in water as well as their possible removal aWrocław :bOficyna Wydawnicza PW,c2003. a194 s. :bfot., rys., tab., wykr. ;c24 cm.1 aPrace Naukowe Instytutu Inżynierii Ochrony Środowiska Politechniki Wrocławskiej. Monografie =aScientific Papers of the Institute of Environment Protection Engineering of the Wrocław University of Technology. Monographs,x0084-2869 ;v42 aTyt. równol.: Biotoxicity of products of anthracene and phenanthrene transformation in water as well as their possible removal. Nr serii gł.: 75. - Streszcz. ang. aBibliogr. s. 180-190. 9aAntracenxmikrobiologia 9aFenantrenxmikrobiologia 9aUzdatnianie wodyxbadanie 0aPrace Naukowe Instytutu Inżynierii Ochrony Środowiska Politechniki Wrocławskiej.pMonografie ;v42 cBPK0 apolbeng a628.1:579.68:547 s pl f |000 0 pol  uhttp://koha.tu.koszalin.pl/cgi-bin/koha/opac-detail.pl?biblionumber=44224yKatalog online BPK